00354nam a2200145Ia 4500008004100000020001800041082000800059100001500067245004300082250000600125260002500131300001400156500002400170650001400194230524s9999 xx 000 0 und d a9780070681934 bRAO a"Rao, P.N" 0aCAD/ CAM : Principles and Applications a1 aNew DelhibTMHc2012 axx;768 p. aQuantity Number: 1 aMechanics